00345nam a2200109Ia 4500008004100000082000800041100001800049245005000067942000600117952009700123999001500220240331s9999 xx 000 0 und d bSIV aSivathamby, K 0aThamil samukamum panpaadin meel kandupidippum cL 001040708LaWERCLbWERCLcSSCd2024-03-31l0o 305.8 SIVp2232r2024-03-31w2024-03-31yL c2041d2041